efficiency of gcm fertilizers on growth corn crop at royal university of agriculture ប្រសិទ្ធភាពនៃ​ ជី GCM​លើកការលូតលាស់ដំណាំពោតដំណើប​នៅសាកលវិទ្យាល៍យភូមិន្ទកសិកម្ម (Record no. 17986)

000 -LEADER
fixed length control field 00698nam a22001577a 4500
003 - CONTROL NUMBER IDENTIFIER
control field OSt
005 - DATE AND TIME OF LATEST TRANSACTION
control field 20190717101704.0
008 - FIXED-LENGTH DATA ELEMENTS--GENERAL INFORMATION
fixed length control field 190717b xxu||||| |||| 00| 0 eng d
040 ## - CATALOGING SOURCE
Transcribing agency RUA
082 ## - DEWEY DECIMAL CLASSIFICATION NUMBER
Classification number AGR SAN 2017 B635 Or.1
100 ## - MAIN ENTRY--PERSONAL NAME
9 (RLIN) 13652
Personal name SAN KOSAL សាន​ កុសល​
245 ## - TITLE STATEMENT
Title efficiency of gcm fertilizers on growth corn crop at royal university of agriculture ប្រសិទ្ធភាពនៃ​ ជី GCM​លើកការលូតលាស់ដំណាំពោតដំណើប​នៅសាកលវិទ្យាល៍យភូមិន្ទកសិកម្ម
260 ## - PUBLICATION, DISTRIBUTION, ETC. (IMPRINT)
Place of publication, distribution, etc. RUA
Name of publisher, distributor, etc. PHNOM PENH
Date of publication, distribution, etc. 2017
300 ## - PHYSICAL DESCRIPTION
Extent X;33P
Other physical details ILL;
Dimensions 29cm
942 ## - ADDED ENTRY ELEMENTS (KOHA)
Source of classification or shelving scheme
Koha item type AGR
Holdings
Price effective from Date last seen Permanent Location Not for loan Date acquired Source of classification or shelving scheme Koha item type Lost status Withdrawn status Date last checked out Total Checkouts Shelving location Damaged status Barcode Current Location Full call number
2019-07-172019-07-17Library Block B 2019-07-17 AGR    B636 A40680Library Block BAGR SAN 2017 B636Or.1
2019-07-172021-01-13Library Block B 2019-07-17 AGR  2020-12-251B636 A40979Library Block BAGR SAN 2017 B636 Or.2
2019-07-172019-07-17Library Block B 2019-07-17 AGR    B636 A41054Library Block BAGR SAN 2017 B636 Or.3
2019-07-172019-07-17Library Block B 2019-07-17 AGR    B636 A40372Library Block BAGR SAN 2017 B636 Or.4
2019-07-172019-07-17Library Block B 2019-07-17 AGR    B636 A40552Library Block BAGR SAN 2017 B636Or.5
2019-07-172026-06-02Library Block B 2019-07-17 AGR  2026-05-091B636 A40736Library Block BAGR SAN 2017 B636Or.6
មជ្ឈមណ្ឌលឯការនៃសាកលវិទ្យាល័យភូមិន្ទកសិកម្មចំការដូង

Powered by Koha